Responses for show #3221 - Monday, September 14, 1998

Contestants

[<< previous game]

Paul Murray, a theater teacher from Cambridge, Massachusetts

Faith Dawson, a communications coordinator from New Orleans, Louisiana

Julie Schmitt, a chiropractor from Dallas, Texas (whose 1-day cash winnings total $12,100)

[next game >>]

Jeopardy! Round responses

MY LIFE OF "E"S
A PIECE OF CAKE
A WALK IN THE PARK
PUSHOVERS
IT'S A BREEZE
"DUCK SOUP"
(a reference to the motion picture)
    $100 1
Emeralds

Julie
    $100 16
Honey

Julie
    $100 11
The White House

Paul
    $100 6
Denver

Paul
    $100 21
Trade winds

Julie
    $100 26
Harpo

Julie
    $200 2
Eclairs

Faith
    $200 17
Yellow

Paul
    $200 12
(P: What is New Delhi?)

Beijing

Paul
Triple Stumper
    $200 7
George McGovern

Julie
    $200 22
Africa

Julie
    $200 27
Oliver Hardy

Paul
    $300 3
Earl

Paul
    $300 18
Angel food cake

Paul
    $500 13
(P: What is Prince Gardens?)

Regent's Park

Paul
    $300 8
Grenada

Paul
    $300 23
(less than a minute to go...)

Hawaii

Paul
    $300 28
(F: Who is Carmen Miranda?)
(buzzer sounds)

Margaret Dumont

Faith
Triple Stumper
    $400 4
Entourage

Julie
    $400 19
Black Forest cake

Paul
    $400 14
(F: What is Philadelphia?)

Jerusalem

Faith
Triple Stumper
    $400 9
Don Juan

Triple Stumper
    $400 24
Chinook

Triple Stumper
    $500 5
Evian

Paul
    $500 20
Ricotta

Faith
    $500 15
Vienna

Triple Stumper
    $500 10
Secretariat

Julie
    $500 25
(F: What is the Loire?)

Rhone

JulieFaith

Scores at the first commercial break (after clue 13):

Julie Faith Paul
$1,200 $200 $600

Scores at the end of the Jeopardy! Round:

Julie Faith Paul
$2,200 -$500 $2,000

Double Jeopardy! Round responses

ANCIENT HISTORY
LITERARY SELF-PORTRAITS
(Alex: We will name a character for you, you have to give the name of the author of the work in which that character appears)
JASON
SPORTS
PSYCHOLOGY JARGON
ANTONYMS
    $200 8
Confucius

Julie
    $200 1
Louisa May Alcott ("Little Women")

Faith
    $200 15
"Friday The 13th"

Faith
    $200 4
Cricket

Faith
    $200 7
Libido

Faith
    $400 10
Cyrus the Great

Paul
    $400 2
[ERRATUM: The character's name is spelled "Dedalus".]

James Joyce ("A Portrait Of The Artist As A Young Man")

Triple Stumper
    $400 16
Titanic

Faith
    $400 9
Greco-Roman

Paul
    $400 22
Sadomasochism or Sadism & Masochism

Paul
    $800 11
(P: No idea.)

Assyria

Paul
    $600 3
Boris Pasternak ("Doctor Zhivago")

Julie
    $600 17
"George & Leo"

Faith
    $600 12
Rowing

Julie
    $600 23
Fixation

Faith
    $600 28
(buzzer sounds)

Empty

Triple Stumper
    $800 20
Aryans

Paul
    $800 5
Jack Kerouac ("On The Road")

Triple Stumper
    $800 18
Led Zeppelin

Faith
    $1,400 13
(Julie: Oh, no--what is 8?)
(Alex: Darn, you went the other way!)

10

Julie
    $800 24
Shame

Triple Stumper
    $800 27
"Elder" & "Younger"

Julie
    $1000 21
(less than a minute to go...)

Fertile Crescent

Paul
    $1000 6
Sylvia Plath ("The Bell Jar")

Triple Stumper
    $1000 19
"The Sound And The Fury"

Triple Stumper
    $1000 14
Swimming

Julie
    $1000 25
Baggage

Paul
    $1000 26
D

Faith

Scores at the end of the Double Jeopardy! Round:

Julie Faith Paul
$4,000 $3,700 $5,200

[wagering suggestions for these scores]

Final Jeopardy! Round responses

1998 BUSINESS NEWS
FaithWhat is Rolls-Royce?
$3,700
JulieWhat is Rolls Royce?
$4,000
PaulWhat is Rolls Royce?
$2,801
Rolls-Royce

Final scores:

Julie Faith Paul
$8,000 $7,400 $8,001
2nd place: Costa Caribbean Cruise 3rd place: Pair of Nobel Watches New champion: $8,001

Game dynamics:

Coryat scores:

Julie Faith Paul
$5,400 $3,700 $6,500
14 R,
1 W
(including 1 DD)
11 R,
3 W
16 R,
3 W
(including 2 DDs)

Combined Coryat: $15,600

The J! Archive is created by fans, for fans. The Jeopardy! game show and all elements thereof, including but not limited to copyright and trademark thereto, are the property of Jeopardy Productions, Inc. and are protected under law. This website is not affiliated with, sponsored by, or operated by Jeopardy Productions, Inc. Join the discussion at JBoard.tv.